ما ہنا مہ کھلو نا: ا يک ا نتخا ب (Record no. 171963)

MARC details
000 -LEADER
fixed length control field 00689nam a22001937a 4500
005 - DATE AND TIME OF LATEST TRANSACTION
control field 20200123165756.0
010 ## - LCCN (DPL NO)
LC control number UR-10674
020 ## - INTERNATIONAL STANDARD BOOK NUMBER
Terms of availability 190.00
International Standard Book Number -
035 ## - SYSTEM CONTROL NUMBER
System control number U-9229
037 ## - SOURCE OF ACQUISITION
Source of stock number/acquisition DBAD/PUB
Stock number -
082 ## - DEWEY DECIMAL CLASSIFICATION NUMBER
Classification number 840.8
100 ## - MAIN ENTRY--PERSONAL NAME
Personal name مر تبہ:محمد ا سد اللہ
245 ## - TITLE STATEMENT
Title ما ہنا مہ کھلو نا: ا يک ا نتخا ب
Statement of responsibility, etc مر تبہ:محمد ا سد اللہ
246 ## - VARYING FORM OF TITLE
Remainder of title Mahnama Khilona: Ek Intekhab (Urdu)
Title proper/short title Edited by Mohd.Asad Ullah
260 ## - PUBLICATION, DISTRIBUTION, ETC. (IMPRINT)
Place of publication, distribution, etc Rajisthan
Name of publisher, distributor, etc Mohd.Asad Ullah
Date of publication, distribution, etc 2019 ء
270 ## - ADDRESS
Address 30-Gulistan Colony,Jafir Nagar,
City Nagpur
Postal code 440013
Telephone number +919578591149
Fax number -
300 ## - PHYSICAL DESCRIPTION
Extent 304 ص
Dimensions 22 Cm(Hb)
942 ## - ADDED ENTRY ELEMENTS (KOHA)
Source of classification or shelving scheme Dewey Decimal Classification
Item type Urdu Bks
Classification part 840.8
Call number suffix ک ھ ل
Holdings
Withdrawn status Lost status Not for loan Collection code Home library Current library Date acquired Source of acquisition Cost, normal purchase price Full call number Barcode Copy number Cost, replacement price Koha item type
      Non-fiction Central Library Central Library 23/01/2020 BPPD/Ven. 190.00 840.8 ک ھ ل U-9229 1 190.00 Urdu Bks

© Delhi Public Library
Hit Counter
free hit counter